Química : diccionario esencial

Guardado en:
Formato: Libro
Publicado: México : Larousse
Materias:
Etiquetas: Agregar Etiqueta
Sin Etiquetas, Sea el primero en etiquetar este registro!
LEADER 00452nam a22001695a 4500
001 CEM.cems012724
005 20071008172631.0
008 130507b######################000#0#####d
003 CEMS
020 |a 9702213428 
082 0 4 |a C540.3 
245 0 0 |a Química :  |b diccionario esencial 
260 |a México :  |b Larousse 
300 |a 368 p. 
653 |a Diccionarios 
653 |a Química-diccionario 
859 |a CEMS  |b BIB. CEMS - 11 de abril  |h C540.3  |i L328  |p 24047.07  |t Ej.1